000 00843cam a22002533a 4500
001 1140
003 PGUSA
005 20140828082957.0
008 971201s1997||||xxu|||||s|||||000 | eng d
040 _aPGUSA
_beng
042 _adc
050 4 _aHN
100 1 _aCarlyle, Thomas,
_d1795-1881
245 1 0 _aLatter-Day Pamphlets
_h[electronic resource] /
_cThomas Carlyle
260 _bProject Gutenberg,
_c1997
505 0 _aThe present time -- Model prisons -- Downing street -- The new Downing street -- Stumporator -- Parliaments -- Hudson's statue -- Jesuitism
506 _aPublic domain in the USA.
516 _aElectronic text
653 _aGreat Britain -- Social conditions -- 19th century
653 _aSocial problems
830 0 _aProject Gutenberg
_v1140
856 4 0 _uhttp://www.gutenberg.org/ebooks/1140
942 _cEB
999 _c230488
_d230488